Use of Melastomataceae and pteridophytes for revealing phytogeographical patterns in Amazonia rain forests (Registro nro. 9771)

Detalles MARC
000 -CABECERA
Campo de control 006870000a22002170004500
090 ## - CLASIFICACIÓN LOCAL
Colección AR
Consecutivo 00680
041 0# - IDIOMA
Código de idioma para texto/pista de sonido o título separado
100 1# - ASIENTO PRINCIPAL--NOMBRE PERSONAL
Nombre personal Ruokolainen, Kalle
245 10 - MENCION DE TITULO
Título Use of Melastomataceae and pteridophytes for revealing phytogeographical patterns in Amazonia rain forests
650 14 - ASIENTO SECUNDARIO DE MATERIA - TERMINO TEMATICO
Término temático o nombre geográfico como elemento de entrada Suelos
650 14 - ASIENTO SECUNDARIO DE MATERIA - TERMINO TEMATICO
Término temático o nombre geográfico como elemento de entrada Fitogeografía
650 14 - ASIENTO SECUNDARIO DE MATERIA - TERMINO TEMATICO
Término temático o nombre geográfico como elemento de entrada Nutrientes del suelo
650 14 - ASIENTO SECUNDARIO DE MATERIA - TERMINO TEMATICO
Término temático o nombre geográfico como elemento de entrada Bosques húmedos tropicales
650 14 - ASIENTO SECUNDARIO DE MATERIA - TERMINO TEMATICO
Término temático o nombre geográfico como elemento de entrada Arboles
653 ## - TERMINO DE INDIZACION - NO CONTROLADO
-- Melastomataceae
653 ## - TERMINO DE INDIZACION - NO CONTROLADO
-- Pteridophytes
700 1# - ASIENTO SECUNDARIO - NOMBRE PERSONAL
Nombre personal Tuomisto, Hanna
700 1# - ASIENTO SECUNDARIO - NOMBRE PERSONAL
Nombre personal Linna, Ari
773 1# - Item fuente:
Título Journal of Tropical Ecology
Especificación de materiales 12
Descripción física 13
Paginas del Articulo 243-256
Lugar, editorial y fecha de publicación 1997
942 ## - ELEMENTOS ADICIONALES (KOHA)
Tipo de ítem Artículo
Existencias
Withdrawn status Lost status Damaged status No para préstamo Colección Ubicación Permanente Ubicación actual Fecha de adquisición Datos de publicación Seriada Total Checkouts Número topográfico Inventario / Código de Barras Date last seen Ejemplar Price effective from Forma de adquisición Tipo de material
      No para Préstamo Hemeroteca Bogotá Bogotá 27/02/2015 Fuera de circulación   AR 00680 010995 25/03/2015 1 25/03/2015   Artículo